Socio-historical linguistics : its status and methodology /

Bibliographic Details
Main Author: Romaine, Suzanne, 1951-
Format: Book
Language:English
Published: Cambridge [Cambridgeshire] ; New York : Cambridge University Press, 1982.
Series:Cambridge studies in linguistics ; 34.
Subjects:

MARC

Tag First Indicator Second Indicator Subfields
LEADER 00000cam a22000008a 4500
001 in00000076097
005 20151008060425.0
008 810717s1982 enka b 00110 eng
010 |a  81012211  
020 |a 0521237505 :  |c $60.00 (est.) 
035 |a (OCoLC)07672527 
035 |9 AAJ5722AM 
039 0 |a 2  |b 3  |c 3  |d 3  |e 3 
040 |a DLC  |c DLC  |d TXA  |d UtOrBLW 
043 |a e-uk-st 
049 |a TXAM  |c [387946] 
050 0 0 |a P90  |b .R617 1982 
082 0 |a 401/.9  |2 19 
100 1 |a Romaine, Suzanne,  |d 1951- 
245 1 0 |a Socio-historical linguistics :  |b its status and methodology /  |c Suzanne Romaine. 
263 |a 8201 
264 1 |a Cambridge [Cambridgeshire] ;  |a New York :  |b Cambridge University Press,  |c 1982. 
300 |a vii, 315 pages :  |b illustrations ;  |c 24 cm. 
336 |a text  |b txt  |2 rdacontent 
337 |a unmediated  |b n  |2 rdamedia 
338 |a volume  |b nc  |2 rdacarrier 
490 1 |a Cambridge studies in linguistics ;  |v no. 34 
500 |a Includes index. 
504 |a Bibliography: pages [290]-309. 
650 0 |a Sociolinguistics. 
650 0 |a Historical linguistics. 
650 0 |a Scots language. 
650 0 |a English language  |x Grammar, Historical. 
830 0 |a Cambridge studies in linguistics ;  |v 34. 
999 |a MARS 
999 f f |s 6e96610f-c665-33c5-90ee-2929b27c39e7  |i 23b3d9e9-aa9d-30ef-a59a-b634f5bae8ff  |t 0 
952 f f |p ric  |a Texas A&M University  |b Rellis Campus  |c Joint Library Facility  |s JLF  |d Remote Storage  |t 0  |e P90 .R617 1982  |h Library of Congress classification  |i unmediated -- volume  |m A14806171775 
998 f f |a P90 .R617 1982  |t 0  |l Remote Storage